000 01329nam a22003857a 4500
003 CHAP
005 20220817044404.0
008 101028s2008 it b rn 00010 fre d
010 _a99620
011 _a100592
020 _a9789252057628
035 _a111278
040 _cCHAP
082 0 4 _a636.08
_bF32f
110 2 _aFAO
245 1 4 _aL'état des ressources zoogénétiques pour l'alimentation et l'agriculture dans le monde
_c/editado por Dafydd Pilling y Barbara Rischkowsky
260 _aRome :
_bFAO,
_c2008
300 _axxxix, 556 p. :
_bilus., gráfs., tablas + CD (4 3/4 plg.)
500 _aConsulta del CD en : www.ceres.chapingo.mx (Material complementario del libro impreso)
590 _aBATCH-UPD
_b10
_c20130110
_lUCH01
_h1153
590 _aBATCH-UPD
_b10
_c20130410
_lUCH01
_h0737
590 _aBATCH-UPD
_b10
_c20130914
_lUCH01
_h1504
590 _aCONVERSION
_b10
_c20130109
_lUCH01
_h1355
650 1 4 _aAnimales domesticos.
_95889
650 1 4 _aGanadería.
_944604
650 1 4 _aGanado.
_944888
650 1 4 _aGenética animal.
650 1 4 _aGermoplasma.
_947766
650 1 4 _aRecursos genéticos.
_995078
700 1 _aPilling, Dafydd
_988075
700 1 _aRischkowsky, Barbara
_997509
901 _aBK
942 _cLIBRO
949 _a636.08 F32f
_bBC
_cFAO
_d33724002097496
_eFAO1
_h113658
_i111278
_sb
999 _c99620
_d99620